| 000 | 00907cam a2200289 a 4500 | ||
|---|---|---|---|
| 008 | 120516s2006 sp 000 1 spa d | ||
| 020 | _a9788420640839 | ||
| 040 |
_aEG-GiCUC _bspa _cEG-GiCUC |
||
| 050 | 0 | 0 |
_aPQ7797.C7145 _bD4813 2006 |
| 082 | 0 | 0 |
_a863.64 _222 |
| 092 | 0 | 4 |
_a863.64 _bC827a _221 |
| 099 |
_a04 _a863.64 C827a |
||
| 100 | 1 | _aCortazar, Julio. | |
| 245 | 1 | 0 |
_aAhí y ahora / _cJulio Cortâazar. |
| 250 | _a1{u00AA} ed. en "Área de conocimiento literatura" | ||
| 260 |
_aMadrid : _bAlianza Editorial, _cc2006. |
||
| 300 |
_a111 p. ; _c18 cm. |
||
| 490 | 1 |
_aEl libro de bolsillo. Literatura hispanoamericana ; _v5308. |
|
| 600 | 1 | 0 | _aCortazar, Julio. |
| 650 | 0 |
_aSpanish fiction _y20th century. |
|
| 830 | 0 |
_aLos relatos ; _v4. |
|
| 902 | _a2 | ||
| 905 |
_aJamal _eCat. |
||
| 905 |
_aJihan _eRev. |
||
| 942 |
_2ddc _cBK |
||
| 999 |
_c125423 _d125423 |
||